File Structures with ADA

Salvato in:
Dettagli Bibliografici
Autore principale: Miller, Nancy E.
Altri autori: Petersen, Charles G.
Natura: Libro
Lingua:inglese
Pubblicazione: Redwood City Benjamin/Cummings Pub. Co. 1990
Edizione:1. ed.
Tags: Aggiungi Tag
Nessun Tag, puoi essere il primo ad aggiungerne!!

MARC

LEADER 00000nam a2200000 4500
001 c040509
005 20221206122422.6
041 0 |a eng 
044 |a US 
245 1 0 |a File Structures with ADA  |c Nancy E. Miller, Charles G. Petersen 
250 |a 1. ed. 
264 1 |a Redwood City  |b Benjamin/Cummings Pub. Co.  |c 1990 
300 |a 444 s. 
100 1 |a Miller, Nancy E. 
700 1 |a Petersen, Charles G.